[Event "7. Copenhagen Open Politiken Cup"]
[Site "Copenhagen"]
[Date "1985.??.??"]
[Round "6"]
[White "Stein, Bernd"]
[Black "Blees, Albert"]
[Result "1-0"]
[WhiteElo "2380"]
[BlackElo "2310"]
[PlyCount "87"]
[EventDate "1985.??.??"]
[EventType "swiss"]
[EventRounds "10"]
[EventCountry "DEN"]
[SourceDate "2004.01.01"]

1. e4 e6 2. d4 d5 3. Nc3 Bb4 4. e5 c5 5. a3 Bxc3+ 6. bxc3 Ne7 7. Qg4 cxd4 8.
Qxg7 Rg8 9. Qxh7 Qc7 10. Kd1 Nbc6 11. Nf3 d3 12. Bxd3 Bd7 13. Bg5 O-O-O 14. Bf6
Rxg2 15. Ke2 Qb6 16. Qh4 Rdg8 17. Rhg1 Nf5 18. Rxg2 Rxg2 19. Bxf5 exf5 20. Ne1
Rg4 21. Qh8+ Kc7 22. Nd3 Qa5 23. Qf8 Qb5 24. Qd6+ Kc8 25. h3 Rg8 26. Qc5 Qxc5
27. Nxc5 Nxe5 28. Bxe5 Re8 29. f4 f6 30. Nd3 Bb5 31. Ke3 Bxd3 32. cxd3 fxe5 33.
fxe5 Rh8 34. Rf1 Rxh3+ 35. Kd4 Kd7 36. Rxf5 b6 37. Rf7+ Ke6 38. Rf6+ Ke7 39.
Rd6 Rh4+ 40. Kxd5 Ra4 41. Rh6 Ra5+ 42. Ke4 Rxa3 43. Rh7+ Ke8 44. d4 1-0

[Event "7. Copenhagen Open Politiken Cup"]
[Site "Copenhagen"]
[Date "1985.??.??"]
[Round "6"]
[White "Srensen, Torben"]
[Black "Nielsen, Jorgen G"]
[Result "1/2-1/2"]
[WhiteElo "2315"]
[BlackElo "2240"]
[PlyCount "47"]
[EventDate "1985.??.??"]
[EventType "swiss"]
[EventRounds "10"]
[EventCountry "DEN"]
[SourceDate "2004.01.01"]

1. e4 e5 2. Nf3 Nc6 3. Bb5 a6 4. Ba4 Nf6 5. O-O Nxe4 6. d4 b5 7. Bb3 d5 8. dxe5
Be6 9. c3 Be7 10. Nbd2 Nc5 11. Bc2 Bg4 12. Re1 Qd7 13. Nb3 Ne6 14. Qd3 Bh5 15.
Nfd4 Bg6 16. Nf5 O-O 17. Qg3 Bc5 18. h4 Ne7 19. Qg4 Bb6 20. Be3 Nxf5 21. Bxf5
Bxe3 22. Rxe3 Bxf5 23. Qxf5 f6 24. Nd4 1/2-1/2

[Event "7. Copenhagen Open Politiken Cup"]
[Site "Copenhagen"]
[Date "1985.??.??"]
[Round "6"]
[White "Van Mil, Johan"]
[Black "Fridjonsson, Julius"]
[Result "1-0"]
[WhiteElo "2345"]
[BlackElo "2265"]
[PlyCount "59"]
[EventDate "1985.??.??"]
[EventType "swiss"]
[EventRounds "10"]
[EventCountry "DEN"]
[SourceDate "2004.01.01"]

1. e4 c6 2. d4 d5 3. Nd2 dxe4 4. Nxe4 Nf6 5. Nxf6+ gxf6 6. c3 Bf5 7. Nf3 e6 8.
g3 Qc7 9. Bg2 Nd7 10. O-O O-O-O 11. Bf4 Bd6 12. Bxd6 Qxd6 13. Nh4 Bg6 14. b4 f5
15. b5 cxb5 16. a4 Nb6 17. axb5 Kb8 18. Qe2 Rd7 19. Rfd1 Rc8 20. Qa2 Rxc3 21.
Qxa7+ Kc8 22. Bc6 bxc6 23. Qxb6 Qb8 24. Qa5 Rc4 25. b6 Rb7 26. Nxg6 hxg6 27.
Qa3 Rxb6 28. Qf8+ Kb7 29. Qxf7+ Qc7 30. Ra7+ 1-0

[Event "7. Copenhagen Open Politiken Cup"]
[Site "Copenhagen"]
[Date "1985.??.??"]
[Round "6"]
[White "Wockenfuss, Klaus"]
[Black "Rasmussen, Karsten"]
[Result "1/2-1/2"]
[WhiteElo "2375"]
[BlackElo "2295"]
[PlyCount "38"]
[EventDate "1985.??.??"]
[EventType "swiss"]
[EventRounds "10"]
[EventCountry "DEN"]
[SourceDate "2004.01.01"]

1. Nf3 Nf6 2. g3 d5 3. Bg2 c6 4. O-O Bg4 5. d3 Nbd7 6. c4 e6 7. Nc3 Be7 8. cxd5
cxd5 9. Bf4 O-O 10. h3 Bh5 11. Rc1 Rc8 12. g4 Bg6 13. Qd2 Nb8 14. Rc2 Nc6 15.
a3 Nd7 16. Bg3 Nc5 17. Nb5 Nb3 18. Qd1 Qb6 19. Rc3 Qxb5 1/2-1/2

[Event "7. Copenhagen Open Politiken Cup"]
[Site "Copenhagen"]
[Date "1985.??.??"]
[Round "7"]
[White "Agdestein, Espen"]
[Black "Bator, Robert"]
[Result "1-0"]
[WhiteElo "2305"]
[BlackElo "2380"]
[PlyCount "109"]
[EventDate "1985.??.??"]
[EventType "swiss"]
[EventRounds "10"]
[EventCountry "DEN"]
[SourceDate "2004.01.01"]

1. d4 Nf6 2. c4 e6 3. Nc3 Bb4 4. Qc2 c5 5. dxc5 Bxc5 6. Nf3 b6 7. Bg5 Bb7 8. e3
Nc6 9. Be2 O-O 10. O-O Be7 11. Rfd1 a6 12. Rd2 Qc7 13. Rad1 Rfd8 14. Bf4 d6 15.
Nd5 exd5 16. cxd5 b5 17. dxc6 Qxc6 18. Qxc6 Bxc6 19. Bxd6 Bxd6 20. Rxd6 Rxd6
21. Rxd6 Bd5 22. b3 Kf8 23. Nd4 Rc8 24. h3 Bb7 25. Bf3 Bxf3 26. gxf3 Ra8 27.
Kf1 Ne8 28. Rb6 g6 29. Nc6 Nc7 30. Rb7 Ne6 31. Ne5 Nd8 32. Rc7 Ke8 33. Ke2 Rb8
34. Nd7 Rb7 35. Nf6+ Kf8 36. Nxh7+ Kg7 37. Rxb7 Nxb7 38. Ng5 Nd8 39. Ne4 Nc6
40. a3 f5 41. Nc5 a5 42. f4 Kh6 43. Ne6 Kh5 44. Nd4 Na7 45. Nf3 Nc6 46. Kd3 Nb8
47. a4 bxa4 48. bxa4 Nd7 49. Kc4 Nf6 50. Ng5 Kh4 51. Kb5 Ne4 52. Nxe4 fxe4 53.
Kxa5 Kxh3 54. Kb4 Kg2 55. Kc4 1-0

[Event "7. Copenhagen Open Politiken Cup"]
[Site "Copenhagen"]
[Date "1985.??.??"]
[Round "7"]
[White "Andreasen, Per Naesby"]
[Black "Kamaras, Peter"]
[Result "1-0"]
[WhiteElo "2260"]
[BlackElo "2330"]
[PlyCount "69"]
[EventDate "1985.??.??"]
[EventType "swiss"]
[EventRounds "10"]
[EventCountry "DEN"]
[SourceDate "2004.01.01"]

1. c4 f5 2. d4 Nf6 3. g3 e6 4. Bg2 Bb4+ 5. Nd2 O-O 6. Ngf3 d5 7. O-O c6 8. Ne5
Nbd7 9. Ndf3 Be7 10. c5 Ng4 11. Nd3 e5 12. dxe5 Nxc5 13. Nxc5 Bxc5 14. h3 Nh6
15. Bxh6 gxh6 16. Qc1 Qb6 17. Qxh6 Rf7 18. Rac1 Rg7 19. Qf4 Bf8 20. Rc2 Rg6 21.
e3 Be6 22. Nh4 Bh6 23. Qd4 Rg5 24. Kh2 Qa5 25. b4 Qd8 26. Rd1 Kh8 27. b5 cxb5
28. Bxd5 Bxd5 29. Qxd5 Qxd5 30. Rxd5 a6 31. f4 Rh5 32. Rc7 b4 33. Rdd7 Bf8 34.
e6 Re8 35. e7 1-0

[Event "7. Copenhagen Open Politiken Cup"]
[Site "Copenhagen"]
[Date "1985.??.??"]
[Round "7"]
[White "Berg, Klaus"]
[Black "Braga, Fernando"]
[Result "0-1"]
[WhiteElo "2340"]
[BlackElo "2390"]
[PlyCount "54"]
[EventDate "1985.??.??"]
[EventType "swiss"]
[EventRounds "10"]
[EventCountry "DEN"]
[SourceDate "2004.01.01"]

1. e4 e5 2. Nc3 Nf6 3. g3 d5 4. exd5 Nxd5 5. Bg2 Nxc3 6. bxc3 Nc6 7. Ne2 Be6 8.
O-O Bd5 9. Bxd5 Qxd5 10. d3 Bc5 11. Be3 O-O-O 12. Qd2 Bb6 13. Rfb1 e4 14. c4
Qd6 15. Nc3 exd3 16. Nd5 Ne5 17. Qc3 Bxe3 18. fxe3 Nxc4 19. cxd3 Qxd5 20. dxc4
Qd3 21. Rb3 Qxc3 22. Rxc3 Rd2 23. c5 Rhd8 24. Rf1 Rxa2 25. Rxf7 Rd1+ 26. Rf1
Rxf1+ 27. Kxf1 Rxh2 0-1

[Event "7. Copenhagen Open Politiken Cup"]
[Site "Copenhagen"]
[Date "1985.??.??"]
[Round "7"]
[White "Bjerring, Kai"]
[Black "Plachetka, Jan"]
[Result "1/2-1/2"]
[WhiteElo "2315"]
[BlackElo "2440"]
[PlyCount "81"]
[EventDate "1985.??.??"]
[EventType "swiss"]
[EventRounds "10"]
[EventCountry "DEN"]
[SourceDate "2004.01.01"]

1. e4 c5 2. Nf3 e6 3. d4 cxd4 4. Nxd4 a6 5. Bd3 Nf6 6. O-O d6 7. c4 g6 8. b3
Bg7 9. Bb2 O-O 10. Nc3 b6 11. Qe2 Bb7 12. Kh1 Nbd7 13. Rae1 Re8 14. f4 Nc5 15.
Bb1 e5 16. fxe5 Rxe5 17. Qf3 Qe7 18. b4 Ncd7 19. Qd1 Rc8 20. Nf3 Rh5 21. Nd5
Bxd5 22. exd5 Qf8 23. Bxf6 Bxf6 24. Bd3 Bc3 25. Re2 Qh6 26. g3 a5 27. a3 axb4
28. axb4 Ra8 29. Qb3 Be5 30. Kg1 Bxg3 31. hxg3 Rh1+ 32. Kf2 Nf6 33. Nh4 Ng4+
34. Kg2 Rxf1 35. Kxf1 g5 36. Bf5 Ne5 37. Nf3 Ra1+ 38. Ne1 Qh1+ 39. Kf2 Qh2+ 40.
Kf1 Qh1+ 41. Kf2 1/2-1/2

[Event "7. Copenhagen Open Politiken Cup"]
[Site "Copenhagen"]
[Date "1985.??.??"]
[Round "7"]
[White "Brynell, Stellan"]
[Black "Huenerkopf, Heinz"]
[Result "1-0"]
[WhiteElo "2250"]
[BlackElo "2305"]
[PlyCount "59"]
[EventDate "1985.??.??"]
[EventType "swiss"]
[EventRounds "10"]
[EventCountry "DEN"]
[SourceDate "2004.01.01"]

1. d4 c5 2. e4 cxd4 3. Nf3 d6 4. Nxd4 Nf6 5. Nc3 a6 6. Bc4 e6 7. Bb3 b5 8. O-O
Be7 9. f4 Bb7 10. Be3 Nc6 11. Nxc6 Bxc6 12. f5 b4 13. Na4 e5 14. Nb6 Nxe4 15.
Bd5 Rc8 16. Nxc8 Qxc8 17. Bxe4 Bxe4 18. Qg4 Qa8 19. Qxg7 Kd7 20. g3 h5 21. Rad1
h4 22. Qxf7 hxg3 23. Rxd6+ Kxd6 24. Rd1+ Bd5 25. Qe6+ Kc7 26. Rxd5 gxh2+ 27.
Kh1 Qe8 28. Qb6+ Kc8 29. Qxa6+ Kc7 30. Bb6+ 1-0

[Event "7. Copenhagen Open Politiken Cup"]
[Site "Copenhagen"]
[Date "1985.??.??"]
[Round "7"]
[White "Ernst, Thomas"]
[Black "Iskov, Gert"]
[Result "1-0"]
[WhiteElo "2450"]
[BlackElo "2325"]
[PlyCount "113"]
[EventDate "1985.??.??"]
[EventType "swiss"]
[EventRounds "10"]
[EventCountry "DEN"]
[SourceDate "2004.01.01"]

1. e4 e5 2. Nf3 Nc6 3. Bb5 a6 4. Ba4 Nf6 5. O-O Be7 6. Re1 b5 7. Bb3 d6 8. c3
O-O 9. h3 Na5 10. Bc2 c5 11. d4 Qc7 12. Nbd2 cxd4 13. cxd4 Bb7 14. Nf1 Rac8 15.
Bb1 Rfe8 16. d5 g6 17. Ne3 Nc4 18. Nxc4 Qxc4 19. Bd3 Qc5 20. a4 Rb8 21. Be3 Qb4
22. Bd2 Qc5 23. b4 Qb6 24. axb5 axb5 25. Be3 Qc7 26. Bxb5 Rec8 27. Rc1 Qd8 28.
Bd3 Rxc1 29. Qxc1 Bc8 30. Qc3 Bd7 31. Ra1 Ne8 32. Nd2 Nc7 33. Nb3 Rc8 34. Qd2
Nb5 35. Na5 Nd4 36. Bxd4 exd4 37. b5 Ra8 38. Qe1 Qb6 39. Nc6 Bxc6 40. dxc6 Rxa1
41. Qxa1 Bd8 42. Qa3 Bc7 43. Qb4 Qa7 44. g3 Kg7 45. Kg2 h6 46. Bc2 g5 47. e5
Qc5 48. Qxc5 dxc5 49. Bd3 f5 50. f4 gxf4 51. gxf4 Kf7 52. Bxf5 c4 53. Kf3 d3
54. Ke4 d2 55. Bg4 c3 56. Bd1 Bb6 57. f5 1-0

[Event "7. Copenhagen Open Politiken Cup"]
[Site "Copenhagen"]
[Date "1985.??.??"]
[Round "7"]
[White "Fedder, Steen"]
[Black "Hartman, Christer"]
[Result "0-1"]
[WhiteElo "2410"]
[BlackElo "2295"]
[PlyCount "77"]
[EventDate "1985.??.??"]
[EventType "swiss"]
[EventRounds "10"]
[EventCountry "DEN"]
[SourceDate "2004.01.01"]

1. d4 d5 2. c4 dxc4 3. Nf3 Nf6 4. Nc3 c6 5. a4 Bf5 6. Ne5 Nbd7 7. Nxc4 Qc7 8.
g3 e5 9. dxe5 Nxe5 10. Bf4 Nfd7 11. Qd4 f6 12. Rd1 O-O-O 13. Qxa7 Bc5 14. Rxd7
Bxa7 15. Rxc7+ Kxc7 16. e4 Bg4 17. Nxe5 fxe5 18. Bxe5+ Kc8 19. f3 Rhe8 20. Bf4
Be6 21. h4 Bb8 22. Bxb8 Kxb8 23. Ke2 Rd4 24. Ke3 Red8 25. Rh2 Bb3 26. a5 Bc4
27. Bxc4 Rxc4 28. f4 Rc5 29. f5 Rxa5 30. g4 b5 31. g5 b4 32. Ne2 Ra1 33. e5 Rd5
34. Kf4 b3 35. f6 Ra4+ 36. Kf5 g6+ 37. Ke6 Re4 38. Kf7 Rexe5 39. Nf4 0-1

[Event "7. Copenhagen Open Politiken Cup"]
[Site "Copenhagen"]
[Date "1985.??.??"]
[Round "7"]
[White "Fridjonsson, Julius"]
[Black "Pavlovic, Milos"]
[Result "1/2-1/2"]
[WhiteElo "2265"]
[BlackElo "2305"]
[PlyCount "82"]
[EventDate "1985.??.??"]
[EventType "swiss"]
[EventRounds "10"]
[EventCountry "DEN"]
[SourceDate "2004.01.01"]

1. c4 e5 2. Nc3 Nf6 3. g3 Bb4 4. Bg2 O-O 5. Nf3 Nc6 6. O-O e4 7. Ne1 Bxc3 8.
dxc3 h6 9. Nc2 Re8 10. Ne3 d6 11. Qc2 a5 12. Rd1 Qe7 13. b3 a4 14. Rb1 Ne5 15.
Bxe4 Nxc4 16. Bf3 Nxe3 17. Bxe3 Ra5 18. c4 Bf5 19. Qc3 Re5 20. Rbc1 axb3 21.
axb3 Be4 22. Bd4 Rf5 23. Kg2 Qd7 24. Bxf6 Rxf6 25. Rd4 Bc6 26. Qd2 Rxe2 27.
Qxe2 Bxf3+ 28. Qxf3 Rxf3 29. Kxf3 Qh3 30. b4 g5 31. c5 dxc5 32. Rxc5 c6 33. b5
cxb5 34. Rxb5 Qxh2 35. Rdb4 Kg7 36. Rxb7 Qh1+ 37. Ke2 h5 38. Re7 Qd5 39. Rbb7
Kf6 40. Rxf7+ Qxf7 41. Rxf7+ Kxf7 1/2-1/2

[Event "7. Copenhagen Open Politiken Cup"]
[Site "Copenhagen"]
[Date "1985.??.??"]
[Round "7"]
[White "From, Sigfred"]
[Black "Fette, Martin"]
[Result "0-1"]
[WhiteElo "2245"]
[BlackElo "2290"]
[PlyCount "128"]
[EventDate "1985.??.??"]
[EventType "swiss"]
[EventRounds "10"]
[EventCountry "DEN"]
[SourceDate "2004.01.01"]

1. d4 g6 2. e4 c6 3. f4 d5 4. e5 Na6 5. Nf3 h5 6. Be3 Nh6 7. Be2 Bg4 8. Qd2 Nf5
9. Bf2 Bh6 10. O-O Nc7 11. Nc3 Ne6 12. Ng5 Bxg5 13. fxg5 Bxe2 14. Nxe2 Qd7 15.
h4 O-O 16. Qd3 Rac8 17. Rad1 Rfd8 18. Qf3 Qc7 19. c3 Qa5 20. b4 Qa4 21. g4 hxg4
22. Qxg4 Kg7 23. h5 Rh8 24. h6+ Kh7 25. Be3 Qc2 26. Bc1 Rhf8 27. Rde1 a5 28. a3
axb4 29. axb4 Ra8 30. Rf2 Qe4 31. Qh3 Ra2 32. Kf1 Rfa8 33. Qg2 Qxg2+ 34. Kxg2
Rc2 35. Ng3 Rxc3 36. Nxf5 gxf5 37. Rxf5 Kg6 38. Rf2 Rf8 39. Rh1 Rh8 40. Ra2 Rc4
41. b5 cxb5 42. Ra7 Rc2+ 43. Kg3 Nxd4 44. Kg4 Nc6 45. Rxb7 Nxe5+ 46. Kg3 Rc3+
47. Kg2 Rc2+ 48. Kg3 Rc3+ 49. Kg2 Ra8 50. Rxb5 Ra2+ 51. Bb2 Rc2+ 52. Kg3 Raxb2
53. h7 Rxb5 54. Rh6+ Kxg5 55. Rh5+ Kxh5 56. h8=Q+ Kg6 57. Qg8+ Kf5 58. Qh7+ Ke6
59. Qh3+ Kd6 60. Qh6+ f6 61. Qe3 Rcb2 62. Qa3+ Ke6 63. Qa6+ Kf5 64. Qc8+ e6 0-1

[Event "7. Copenhagen Open Politiken Cup"]
[Site "Copenhagen"]
[Date "1985.??.??"]
[Round "7"]
[White "Hartung Nielsen, Jens"]
[Black "Clausen, Steen"]
[Result "1/2-1/2"]
[WhiteElo "2245"]
[BlackElo "2285"]
[PlyCount "31"]
[EventDate "1985.??.??"]
[EventType "swiss"]
[EventRounds "10"]
[EventCountry "DEN"]
[SourceDate "2004.01.01"]

1. d4 d5 2. c4 dxc4 3. Nf3 a6 4. e3 Nf6 5. Bxc4 e6 6. O-O c5 7. dxc5 Qxd1 8.
Rxd1 Bxc5 9. a3 b5 10. Bd3 Bb7 11. b4 Bb6 12. Bb2 O-O 13. Nc3 Nc6 14. Ne4 Nxe4
15. Bxe4 Rfd8 16. Rac1 1/2-1/2

[Event "7. Copenhagen Open Politiken Cup"]
[Site "Copenhagen"]
[Date "1985.??.??"]
[Round "7"]
[White "Hector, Jonny"]
[Black "Bosboom, Manuel"]
[Result "1-0"]
[WhiteElo "2295"]
[BlackElo "2380"]
[PlyCount "51"]
[EventDate "1985.??.??"]
[EventType "swiss"]
[EventRounds "10"]
[EventCountry "DEN"]
[SourceDate "2004.01.01"]

1. e4 d6 2. d4 Nf6 3. Nc3 g6 4. f4 Bg7 5. e5 Nfd7 6. Nf3 c5 7. dxc5 dxe5 8.
fxe5 Nxe5 9. Qxd8+ Kxd8 10. Bd2 Nxf3+ 11. gxf3 Bf5 12. O-O-O Kc8 13. Bb5 Nc6
14. Nd5 Re8 15. Rhe1 e5 16. Bc3 Re6 17. Ne3 Bh3 18. Nc4 Kc7 19. Ba5+ Nxa5 20.
Rd7+ Kc8 21. Nxa5 a6 22. Ba4 e4 23. Red1 Bh6+ 24. Kb1 Rf6 25. Re7 Be3 26. Nxb7
1-0

[Event "7. Copenhagen Open Politiken Cup"]
[Site "Copenhagen"]
[Date "1985.??.??"]
[Round "7"]
[White "Hodgson, Julian M"]
[Black "Wockenfuss, Klaus"]
[Result "1/2-1/2"]
[WhiteElo "2455"]
[BlackElo "2375"]
[PlyCount "95"]
[EventDate "1985.??.??"]
[EventType "swiss"]
[EventRounds "10"]
[EventCountry "DEN"]
[SourceDate "2004.01.01"]

1. e4 Nc6 2. Nf3 d6 3. d4 Nf6 4. Nc3 Bg4 5. Bb5 a6 6. Bxc6+ bxc6 7. h3 Bh5 8.
Qe2 e6 9. g4 Bg6 10. h4 h5 11. g5 Nd7 12. d5 c5 13. e5 dxe5 14. dxe6 fxe6 15.
Nxe5 Nxe5 16. Qxe5 Qd7 17. Qe2 Bd6 18. Be3 O-O 19. O-O-O Qc6 20. Qc4 Bf5 21.
Rhg1 g6 22. a3 Rab8 23. Rge1 Rb7 24. b3 Rfb8 25. Bd2 Kf7 26. Ne4 Qd5 27. Qxd5
exd5 28. Nxd6+ cxd6 29. Bf4 c4 30. b4 a5 31. Bxd6 Rd8 32. Bc5 axb4 33. axb4 d4
34. Re5 d3 35. cxd3 cxd3 36. Kd2 Ra8 37. Ke3 Re8 38. f4 Rxe5+ 39. fxe5 Ke6 40.
Kd4 Rd7+ 41. Bd6 Ra7 42. Rd2 Ra1 43. b5 Rb1 44. Kc5 Rc1+ 45. Kd4 Rb1 46. Kc4
Rc1+ 47. Kb3 Rb1+ 48. Kc4 1/2-1/2

[Event "7. Copenhagen Open Politiken Cup"]
[Site "Copenhagen"]
[Date "1985.??.??"]
[Round "7"]
[White "Jacoby, Gisbert"]
[Black "Hoi, Carsten"]
[Result "0-1"]
[WhiteElo "2305"]
[BlackElo "2380"]
[PlyCount "82"]
[EventDate "1985.??.??"]
[EventType "swiss"]
[EventRounds "10"]
[EventCountry "DEN"]
[SourceDate "2004.01.01"]

1. e4 g6 2. d4 Bg7 3. c3 d6 4. Bg5 Nf6 5. Nd2 O-O 6. Ngf3 Nc6 7. Be2 h6 8. Bh4
Nh5 9. O-O Nf4 10. Re1 Bg4 11. h3 Bh5 12. Qc2 g5 13. Bg3 Nxe2+ 14. Rxe2 e6 15.
Qb3 Qd7 16. Rae1 Kh8 17. d5 Ne7 18. dxe6 fxe6 19. Re3 e5 20. Rd3 Qc6 21. a4 Bf7
22. Qc2 Ng6 23. Nb1 Be6 24. Na3 Rf7 25. Nd2 Raf8 26. Nf1 Qd7 27. c4 Nf4 28. Rc3
h5 29. c5 h4 30. Bh2 Nxg2 31. Kxg2 Bxh3+ 32. Rxh3 Rxf2+ 33. Qxf2 Rxf2+ 34. Kxf2
Qxh3 35. Re3 Qe6 36. cxd6 cxd6 37. Rc3 g4 38. Nc4 Qg6 39. Ncd2 Bh6 40. Rc8+ Kg7
41. Rc7+ Kf6 0-1

[Event "7. Copenhagen Open Politiken Cup"]
[Site "Copenhagen"]
[Date "1985.??.??"]
[Round "7"]
[White "Karolyi, Tibor Jr"]
[Black "Gausel, Einar"]
[Result "1/2-1/2"]
[WhiteElo "2445"]
[BlackElo "2335"]
[PlyCount "96"]
[EventDate "1985.??.??"]
[EventType "swiss"]
[EventRounds "10"]
[EventCountry "DEN"]
[SourceDate "2004.01.01"]

1. d4 d5 2. Nf3 Nf6 3. c4 e6 4. Nc3 Be7 5. Bg5 h6 6. Bh4 O-O 7. e3 Ne4 8. Bxe7
Qxe7 9. cxd5 Nxc3 10. bxc3 exd5 11. Qb3 Rd8 12. c4 dxc4 13. Bxc4 Nc6 14. Qc3
Bg4 15. Be2 Bxf3 16. gxf3 Rd6 17. Rb1 b6 18. Rg1 Qf6 19. Rc1 Re8 20. Kf1 Re7
21. f4 Nd8 22. Qa3 a5 23. Bf3 Kf8 24. Qd3 g6 25. Kg2 Ne6 26. Qb5 Ng7 27. Bg4
Qh4 28. Bf3 g5 29. fxg5 hxg5 30. Qa6 Ne6 31. Kf1 Qh3+ 32. Bg2 Qf5 33. Bc6 Nd8
34. Qb5 Qf6 35. Ba8 Ne6 36. Qb1 c5 37. h4 Re8 38. d5 Rxa8 39. dxe6 Rd2 40. Rg2
Qf3 41. Kg1 Rad8 42. Qxb6 R2d5 43. exf7 g4 44. Qh6+ Kxf7 45. Qh7+ Kf8 46. Qh6+
Kf7 47. Qh7+ Kf8 48. Qh6+ Kf7 1/2-1/2

[Event "7. Copenhagen Open Politiken Cup"]
[Site "Copenhagen"]
[Date "1985.??.??"]
[Round "7"]
[White "Mokry, Karel"]
[Black "Westerinen, Heikki"]
[Result "1/2-1/2"]
[WhiteElo "2490"]
[BlackElo "2420"]
[PlyCount "103"]
[EventDate "1985.??.??"]
[EventType "swiss"]
[EventRounds "10"]
[EventCountry "DEN"]
[SourceDate "2004.01.01"]

1. e4 e5 2. Nf3 Nc6 3. Bb5 a6 4. Ba4 Nf6 5. O-O Be7 6. Re1 b5 7. Bb3 d6 8. c3
O-O 9. h3 Na5 10. Bc2 c5 11. d4 Qc7 12. Nbd2 cxd4 13. cxd4 Bb7 14. Nf1 Rac8 15.
Bb1 Rfe8 16. d5 Bd8 17. Ne3 Nc4 18. Nf5 Rb8 19. b3 Nb6 20. Ba3 Be7 21. Nxe5 Bf8
22. Nf3 g6 23. Bb2 Nbd7 24. Ng3 Bh6 25. Bd3 Bf4 26. Ne2 Bh6 27. Ned4 Re7 28.
Qc2 Qxc2 29. Bxc2 Rc8 30. Rad1 Nh5 31. Bb1 Nc5 32. g3 Bg7 33. Nd2 Rce8 34. Kf1
Bh6 35. g4 Nf4 36. Re3 Nxd5 37. exd5 Bxe3 38. fxe3 Rxe3 39. Nc6 Rxh3 40. Kg2
Rhe3 41. Bd4 Re1 42. Rxe1 Rxe1 43. Kf2 Rc1 44. b4 Na4 45. Bd3 Kf8 46. Nb3 Rh1
47. Be4 Rh2+ 48. Bg2 g5 49. Bf6 Nb6 50. Bxg5 Nxd5 51. Nca5 Ba8 52. Kg3 1/2-1/2

[Event "7. Copenhagen Open Politiken Cup"]
[Site "Copenhagen"]
[Date "1985.??.??"]
[Round "7"]
[White "Nielsen, Jorgen G"]
[Black "Heyken, Enno"]
[Result "1/2-1/2"]
[WhiteElo "2240"]
[BlackElo "2350"]
[PlyCount "111"]
[EventDate "1985.??.??"]
[EventType "swiss"]
[EventRounds "10"]
[EventCountry "DEN"]
[SourceDate "2004.01.01"]

1. d4 Nf6 2. c4 e6 3. Nc3 Bb4 4. e3 O-O 5. Nge2 Re8 6. a3 Bf8 7. Ng3 d5 8. cxd5
exd5 9. Bd3 c5 10. dxc5 Bxc5 11. O-O Nc6 12. e4 Bg4 13. Qa4 d4 14. Nce2 Bxe2
15. Nxe2 Nxe4 16. Qc2 Qe7 17. Bf4 Bb6 18. Rfe1 Nf6 19. b4 Rac8 20. Qd2 Ne4 21.
Qb2 Qf6 22. Rad1 Nc3 23. Nxc3 dxc3 24. Qc1 Rxe1+ 25. Rxe1 Qd4 26. Qe3 Qxe3 27.
Bxe3 Bxe3 28. fxe3 Ne5 29. Be4 Kf8 30. Rc1 Rc4 31. Bd5 Rc7 32. Kf1 Ng4 33. Ke2
Nxh2 34. Kd3 Ng4 35. Rxc3 Rxc3+ 36. Kxc3 Nxe3 37. Bxb7 Ke7 38. a4 Kd6 39. Kd4
Nf5+ 40. Kc4 h5 41. Bf3 h4 42. b5 g5 43. Kb4 Ne3 44. Ka5 Kc7 45. Ka6 Kb8 46. b6
axb6 47. Kxb6 f5 48. a5 Nc4+ 49. Kb5 Nd2 50. Bd5 Ka7 51. Kc5 g4 52. Kd4 f4 53.
Kd3 Nf1 54. Be6 Ne3 55. Bxg4 Nxg2 56. Ke4 1/2-1/2

[Event "7. Copenhagen Open Politiken Cup"]
[Site "Copenhagen"]
[Date "1985.??.??"]
[Round "7"]
[White "Norgaard, Jesper"]
[Black "Hansen, Curt"]
[Result "1/2-1/2"]
[WhiteElo "2325"]
[BlackElo "2505"]
[PlyCount "44"]
[EventDate "1985.??.??"]
[EventType "swiss"]
[EventRounds "10"]
[EventCountry "DEN"]
[SourceDate "2004.01.01"]

1. e4 c5 2. Nf3 d6 3. d4 cxd4 4. Nxd4 Nf6 5. Nc3 g6 6. Be2 Bg7 7. O-O Nc6 8.
Nb3 O-O 9. Bg5 a6 10. f4 b5 11. Bf3 Bb7 12. Re1 Na5 13. e5 Bxf3 14. Qxf3 Nxb3
15. axb3 dxe5 16. fxe5 Qd4+ 17. Kh1 Ng4 18. Bxe7 Rfe8 19. Nxb5 Nf2+ 20. Kg1
Nh3+ 21. Kh1 Nf2+ 22. Kg1 Nh3+ 1/2-1/2

[Event "7. Copenhagen Open Politiken Cup"]
[Site "Copenhagen"]
[Date "1985.??.??"]
[Round "7"]
[White "Peric, Slavisa"]
[Black "Vogel, Jaap"]
[Result "1/2-1/2"]
[WhiteElo "2245"]
[BlackElo "2280"]
[PlyCount "115"]
[EventDate "1985.??.??"]
[EventType "swiss"]
[EventRounds "10"]
[EventCountry "DEN"]
[SourceDate "2004.01.01"]

1. d4 e6 2. c4 Nf6 3. Nf3 b6 4. g3 Bb7 5. Bg2 Be7 6. O-O O-O 7. Nc3 d5 8. Ne5
Na6 9. cxd5 exd5 10. Bg5 Ne4 11. Bxe7 Qxe7 12. Nd3 Rfe8 13. Nf4 c6 14. e3 Rad8
15. a3 c5 16. Rc1 h6 17. Qa4 Qd7 18. Qxd7 Rxd7 19. Rfd1 Nxc3 20. bxc3 c4 21. a4
Nc7 22. a5 b5 23. Rd2 Rd6 24. Re1 Bc8 25. Rb2 Bf5 26. f3 g5 27. Nh3 Ra6 28. Ra2
Rae6 29. Kf2 Rf6 30. Ke2 b4 31. cxb4 Nb5 32. Kf2 Bd3 33. f4 Nc3 34. Ra3 Ne4+
35. Bxe4 Bxe4 36. Kg1 Rb8 37. Re2 Bd3 38. Re1 Rxb4 39. Nf2 Bg6 40. e4 gxf4 41.
exd5 fxg3 42. hxg3 Rd6 43. Ng4 Kf8 44. Ne5 Kg7 45. Nxg6 Kxg6 46. Re7 Rxd5 47.
Rxa7 Rxd4 48. Ra6+ Kg5 49. Rb6 Rxb6 50. axb6 Rd6 51. Rc3 Rxb6 52. Rxc4 Rb2 53.
Ra4 f5 54. Kf1 Rh2 55. Rb4 Rd2 56. Ra4 Rb2 57. Rc4 Rh2 58. Ra4 1/2-1/2

[Event "7. Copenhagen Open Politiken Cup"]
[Site "Copenhagen"]
[Date "1985.??.??"]
[Round "7"]
[White "Rasmussen, Karsten"]
[Black "Bjarnason, Saevar"]
[Result "1-0"]
[WhiteElo "2295"]
[BlackElo "2355"]
[PlyCount "131"]
[EventDate "1985.??.??"]
[EventType "swiss"]
[EventRounds "10"]
[EventCountry "DEN"]
[SourceDate "2004.01.01"]

1. c4 Nf6 2. g3 e6 3. b3 d5 4. Nf3 c5 5. Bg2 Be7 6. O-O O-O 7. Bb2 Nc6 8. e3 b6
9. Nc3 Bb7 10. cxd5 Nxd5 11. Nxd5 exd5 12. d4 Qd7 13. Qd2 Rfe8 14. Rfd1 Rad8
15. Rac1 Bf8 16. dxc5 bxc5 17. Ba3 Nb4 18. Ne1 a5 19. Nd3 Qb5 20. Bxb4 axb4 21.
Qc2 Rd7 22. Rd2 Red8 23. Ne5 Re7 24. Nd3 Rc7 25. Nf4 Rcd7 26. Rcd1 d4 27. Bxb7
Qxb7 28. exd4 cxd4 29. Qf5 g6 30. Qg4 Bg7 31. h4 Re7 32. Re2 Rxe2 33. Qxe2 h5
34. Qc4 Rc8 35. Qd5 Qxd5 36. Nxd5 Rb8 37. Kf1 Kf8 38. Rc1 Rd8 39. Nxb4 d3 40.
Rd1 d2 41. Nc6 Rc8 42. Na5 Rc2 43. Nc4 Bh6 44. a4 Rc3 45. Nxd2 Bxd2 46. Rxd2
Rxb3 47. Ra2 Rb6 48. a5 Ra6 49. Ke2 Ke7 50. Kd3 Kd6 51. Kc4 Kc6 52. Kb4 Kb7 53.
Kb5 Rf6 54. a6+ Ka7 55. Kc5 Rf3 56. Kd6 f6 57. Kd5 g5 58. Ke4 Rb3 59. hxg5 fxg5
60. Ra5 h4 61. Rxg5 hxg3 62. Rxg3 Rb4+ 63. Kf5 Kxa6 64. f4 Kb6 65. Rc3 Rb1 66.
Kf6 1-0

[Event "7. Copenhagen Open Politiken Cup"]
[Site "Copenhagen"]
[Date "1985.??.??"]
[Round "7"]
[White "Schandorff, Lars"]
[Black "Andersson, Tor"]
[Result "1-0"]
[WhiteElo "2275"]
[BlackElo "2245"]
[PlyCount "63"]
[EventDate "1985.??.??"]
[EventType "swiss"]
[EventRounds "10"]
[EventCountry "DEN"]
[SourceDate "2004.01.01"]

1. e4 c5 2. Nf3 e6 3. d4 cxd4 4. Nxd4 Nf6 5. Nc3 d6 6. g4 Nc6 7. g5 Nd7 8. Bg2
Be7 9. h4 O-O 10. Be3 Nb6 11. Qe2 d5 12. exd5 exd5 13. O-O Ne5 14. Rad1 Re8 15.
Nb3 Bg4 16. f3 Be6 17. Qf2 Nbc4 18. Bc1 a5 19. a4 Rc8 20. Kh1 Bb4 21. Nb5 Nb6
22. c3 Bf8 23. N3d4 Nc6 24. Nxe6 fxe6 25. b3 Nd7 26. Rfe1 Nc5 27. Bh3 Kh8 28.
Be3 Ne5 29. Bxc5 Bxc5 30. Qg3 Ng6 31. Bxe6 Rc6 32. Bxd5 1-0